Sports Quiz

Random Sports or Olympics Quiz
Score 0/96 Timer 10:00
0 Plays Today
Hint Answer % Correct
1989 GoldBrandy Johnson
100%
1990 GoldBrandy Johnson
100%
1990 SilverKim Zmeskal
100%
1991 GoldKim Zmeskal
100%
1992 GoldKim Zmeskal
100%
2007 GoldShawn Johnson
100%
2008 GoldShawn Johnson
100%
2011 GoldJordyn Wieber
100%
2012 SilverJordyn Wieber
100%
2013 SilverSimone Biles
100%
2014 GoldSimone Biles
100%
2015 SilverSimone Biles
100%
2016 GoldSimone Biles
100%
2018 GoldSimone Biles
100%
2019 GoldSimone Biles
100%
1993 GoldShannon Miller
95.7%
1994 SilverShannon Miller
95.7%
1995 BronzeShannon Miller
95.7%
2007 SilverBridget Sloan
95.7%
2009 GoldBridget Sloan
95.7%
2010 BronzeAly Raisman
95.7%
2011 BronzeAly Raisman
95.7%
2012 GoldAly Raisman
95.7%
2013 GoldMcKayla Maroney
95.7%
2015 GoldAly Raisman
95.7%
2016 SilverAly Raisman
95.7%
2018 BronzeMorgan Hurd
95.7%
1992 SilverKerri Strug
91.3%
1993 BronzeKerri Strug
91.3%
1996 SilverKerri Strug
91.3%
1997 SilverKristen Maloney
91.3%
1997 BronzeVanessa Atler
91.3%
Hint Answer % Correct
1998 GoldVanessa Atler
91.3%
1998 BronzeKristen Maloney
91.3%
2000 GoldKristen Maloney
91.3%
2000 BronzeVanessa Atler
91.3%
2003 BronzeAlicia Sacramone
91.3%
2004 GoldCarly Patterson
91.3%
2004 SilverCourtney McCool
91.3%
2005 GoldAlicia Sacramone
91.3%
2006 GoldAlicia Sacramone
91.3%
2007 BronzeAlicia Sacramone
91.3%
2008 SilverAlicia Sacramone
91.3%
2013 BronzeMyKayla Skinner
91.3%
2014 SilverMyKayla Skinner
91.3%
2015 BronzeMyKayla Skinner
91.3%
2016 BronzeMyKayla Skinner
91.3%
2017 GoldRagan Smith
91.3%
1991 SilverDominique Dawes
87%
1993 SilverDominque Dawes
87%
1994 GoldDominique Dawes
87%
1995 GoldDominique Dawes
87%
1996 GoldDominique Dawes
87%
2005 SilverNastia Liukin
87%
2009 SilverRebecca Bross
87%
2010 SilverRebecca Bross
87%
2011 SilverRebecca Bross
87%
1995 SilverDominique Moceanu
82.6%
1998 SilverDominique Moceanu
82.6%
2001 GoldTasha Schwikert
82.6%
2002 GoldTasha Schwikert
82.6%
2005 BronzeChellsie Memmel
82.6%
2006 BronzeChellsie Memmel
82.6%
2012 BronzeGabby Douglas
82.6%
Hint Answer % Correct
2016 BronzeLaurie Hernandez
82.6%
2019 BronzeSunisa Lee
82.6%
2017 SilverJade Carey
78.3%
2018 SilverJade Carey
78.3%
2019 SilverJade Carey
78.3%
1994 BronzeAmanda Borden
73.9%
1996 BronzeJennie Thompson
73.9%
1999 GoldElise Ray
73.9%
2000 SilverElise Ray
73.9%
2003 GoldAshley Postell
73.9%
2008 BronzeMattie Larson
69.6%
2009 BronzeKytra Hunter
69.6%
2010 GoldMattie Larson
69.6%
2014 BronzeMaggie Nichols
69.6%
1999 SilverMorgan White
65.2%
2017 BronzeTrinity Thomas
65.2%
1989 BronzeChristy Henrich
56.5%
2001 SilverTabitha Yim
52.2%
2002 SilverTabitha Yim
52.2%
2002 BronzeAnnia Hatch
52.2%
2015 BronzeBailie Key
52.2%
1990 BronzeKim Kelly
47.8%
1991 BronzeKim Kelly
47.8%
1997 GoldLindsay Wing
47.8%
2001 BronzeKatie Heenan
47.8%
2006 GoldRandi Stageberg
43.5%
1989 SilverChelle Stack
39.1%
1992 BronzeHilary Grivich
39.1%
2003 SilverTia Orlando
39.1%
2004 BronzeTia Orlando
39.1%
2003 BronzeCourtney Kupetes
34.8%
1999 BronzeMonique Chang
30.4%
Come Together.
Have Fun.
All Virtual.
We all need to come together. Play Sporcle's virtual live trivia to have fun, connect with people, and get your trivia on. Join a live hosted trivia game for your favorite pub trivia experience done virtually. If a virtual private party is more your thing, go here for details.

You're not logged in!

Compare scores with friends on all Sporcle quizzes.
OR
Log In

Sporcle TV

Today on Sporcle TV


Watch our educational content, quiz creation guides, and fun videos on Sporcle TV.

Show Comments

Extras

Top Quizzes Today


Score Distribution

Paid Content

Your Account Isn't Verified!

In order to create a playlist on Sporcle, you need to verify the email address you used during registration. Go to your Sporcle Settings to finish the process.

Report this User

Report this user for behavior that violates our Community Guidelines.

Details: